<?xml version="1.0" encoding="UTF-8"?>
<record
    xmlns:xsi="http://www.w3.org/2001/XMLSchema-instance"
    xsi:schemaLocation="http://www.loc.gov/MARC21/slim http://www.loc.gov/standards/marcxml/schema/MARC21slim.xsd"
    xmlns="http://www.loc.gov/MARC21/slim">

  <leader>01696nam a22002537a 4500</leader>
  <datafield tag="999" ind1=" " ind2=" ">
    <subfield code="c">22063</subfield>
    <subfield code="d">22063</subfield>
  </datafield>
  <controlfield tag="003">AR-CdUCM</controlfield>
  <controlfield tag="008">190425b           ||||| |||| 00| 0 spa d</controlfield>
  <datafield tag="040" ind1=" " ind2=" ">
    <subfield code="a">MUNICIPALIDAD PROVINCIAL DEL CUSCO</subfield>
    <subfield code="c">BIBLIOTECA MUNICIPAL DEL CUSCO</subfield>
  </datafield>
  <datafield tag="082" ind1=" " ind2=" ">
    <subfield code="a">Rev.MAS ALLA/N&#xB0;2/1922</subfield>
  </datafield>
  <datafield tag="245" ind1=" " ind2=" ">
    <subfield code="a">Revista M&#xE1;s All&#xE1;.... :</subfield>
    <subfield code="b">revista mensual literario cient&#xED;fica /</subfield>
    <subfield code="c">Director G.A. Gonz&#xE1;les Willis</subfield>
  </datafield>
  <datafield tag="260" ind1=" " ind2=" ">
    <subfield code="a">Cusco :</subfield>
    <subfield code="b">H.G. Rozas,</subfield>
    <subfield code="c">1922.</subfield>
  </datafield>
  <datafield tag="300" ind1=" " ind2=" ">
    <subfield code="a">122 p&#xE1;ginas. :</subfield>
    <subfield code="c">21 cm.</subfield>
  </datafield>
  <datafield tag="440" ind1=" " ind2=" ">
    <subfield code="a">Revista M&#xE1;s All&#xE1;.</subfield>
    <subfield code="n">A&#xF1;o I, julio de 1922, N&#xFA;mero,2.</subfield>
    <subfield code="9">47326</subfield>
  </datafield>
  <datafield tag="505" ind1=" " ind2=" ">
    <subfield code="a">Contenido: 28 de julio. -- La coca. Raquel M. Boc&#xE1;ngel. -- Relaciones que existen entre los tres reinos naturales. Elsa Esther Mar&#xED;a del Castro. -- El tabaco. Sampablo. -- Vida poblana. K-Nuto. -- La qu&#xED;mica de los cuerpos vol&#xE1;tiles. F. Pareja. -- Vude Retro. Sixto Coello. -- El Basilo de Nicolaier i el vidrion septico en el Cuzco. G. A. Gonz&#xE1;les Willis. -- Poemas. -- Seroterapia. Willis. -- De arte el nacionalismo e nuestro medio. El Conde de Canchis. -- Ideolog&#xED;as. Juvenal. -- Khipu pre colombiano. Lucas Capar&#xF3;. -- Varios algo sueltos de Am&#xE9;rica i Cuzco. Antonio Lorena. -- Agua regia. Luis E. Valc&#xE1;rcel. -- Asuntos musicales. J. Castro. -- La edad de la tierra. Francisco Sivirichi. -- Florula cuzcoensis. Fortunato L. Herrera. -- El Mitayo. Manuel Gonz&#xE1;les Prada. -- Pensamientos. Manuel Gonz&#xE1;les Prada.</subfield>
  </datafield>
  <datafield tag="650" ind1=" " ind2=" ">
    <subfield code="a">Literatura cusque&#xF1;a</subfield>
    <subfield code="9">46755</subfield>
  </datafield>
  <datafield tag="650" ind1=" " ind2=" ">
    <subfield code="a">Qu&#xED;mica</subfield>
    <subfield code="9">4512</subfield>
  </datafield>
  <datafield tag="650" ind1=" " ind2=" ">
    <subfield code="a">Poes&#xED;a cusque&#xF1;a</subfield>
    <subfield code="9">2323</subfield>
  </datafield>
  <datafield tag="650" ind1=" " ind2=" ">
    <subfield code="a">Historia del Cusco</subfield>
    <subfield code="9">1714</subfield>
  </datafield>
  <datafield tag="700" ind1=" " ind2=" ">
    <subfield code="a">Sivirichi, Francisco</subfield>
    <subfield code="9">46756</subfield>
  </datafield>
  <datafield tag="700" ind1=" " ind2=" ">
    <subfield code="a">Valc&#xE1;rcel, Luis</subfield>
    <subfield code="9">8720</subfield>
  </datafield>
  <datafield tag="700" ind1=" " ind2=" ">
    <subfield code="a">Gonzales Willis, G. A</subfield>
    <subfield code="9">47327</subfield>
  </datafield>
  <datafield tag="942" ind1=" " ind2=" ">
    <subfield code="2">ddc</subfield>
    <subfield code="c">PP</subfield>
  </datafield>
  <datafield tag="945" ind1=" " ind2=" ">
    <subfield code="a">rac</subfield>
  </datafield>
  <datafield tag="952" ind1=" " ind2=" ">
    <subfield code="0">0</subfield>
    <subfield code="2">ddc</subfield>
    <subfield code="4">0</subfield>
    <subfield code="7">0</subfield>
    <subfield code="a">HEM</subfield>
    <subfield code="b">HEM</subfield>
    <subfield code="c">CART</subfield>
    <subfield code="d">2022-02-28</subfield>
    <subfield code="g">10.00</subfield>
    <subfield code="o">Rev.MAS ALLA/N&#xB0;2/1922</subfield>
    <subfield code="p">REVC000648</subfield>
    <subfield code="r">2022-02-28</subfield>
    <subfield code="y">PP</subfield>
  </datafield>
</record>
